[Event "SVK-ch Blitz"]
[Site "Nitra"]
[Date "2022.10.29"]
[Round "8"]
[White "Mikulas, Dusan"]
[Black "Laurencsik, Alexander"]
[Result "1-0"]
[WhiteElo "2016"]
[BlackElo "1860"]
[PlyCount "55"]
[EventDate "2022.10.29"]
[EventType "swiss"]
[EventRounds "13"]
[EventCountry "SVK"]
[SourceTitle "EXT 2024"]
[Source "ChessBase"]
[SourceDate "2023.10.10"]
[SourceVersion "1"]
[SourceVersionDate "2023.10.10"]
[SourceQuality "1"]

1. e4 e5 2. Nf3 Nc6 3. Nc3 Bc5 4. Bb5 a6 5. Bxc6 bxc6 6. 0-0 d6 7. d4 exd4 8. Nxd4 Bxd4 9. Qxd4 Qf6 10. Qe3 Nh6 11. Qg3 Ng4 12. h3 Ne5 13. f4 Ng6 14. Be3 0-0 15. Rad1 Qh4 16. Qf3 Rb8 17. b3 Qf6 18. Bd4 Qh4 19. f5 Ne7 20. f6 Ng6 21. fxg7 Qe7 22. gxf8Q+ Qxf8 23. Qf6 c5 24. Be3 Rb6 25. Nd5 Rb7 26. Bc1 c6 27. Bb2 cxd5 28. Rxd5 1-0

[Event "SVK-ch op"]
[Site "Ruzomberok"]
[Date "2019.07.05"]
[Round "7"]
[White "Taragel, Marian"]
[Black "Laurencsik, Alexander"]
[Result "0-1"]
[WhiteElo "1636"]
[BlackElo "1742"]
[PlyCount "58"]
[EventDate "2019.06.29"]
[EventType "swiss"]
[EventRounds "9"]
[EventCountry "SVK"]
[SourceTitle "CBM 191 Extra"]
[Source "ChessBase"]
[SourceDate "2019.09.30"]
[SourceVersion "1"]
[SourceVersionDate "2019.09.30"]
[SourceQuality "1"]

1. e4 c6 2. d4 d5 3. exd5 cxd5 4. c4 Nf6 5. Nc3 e6 6. Nf3 Nc6 7. cxd5 Nxd5 8. Bc4 Bb4 9. Bd2 Bxc3 10. bxc3 h6 11. 0-0 0-0 12. Re1 b6 13. Bb5 Bb7 14. Qa4 Rc8 15. Rac1 Nf6 16. c4 Nxd4 17. Bb4 Nxf3+ 18. gxf3 Bxf3 19. Bxf8 Ne4 20. Rxe4 Qg5+ 21. Kf1 Qxc1+ 22. Re1 Qg5 23. Re3 Qg2+ 24. Ke1 Qg1+ 25. Kd2 Rd8+ 26. Kc3 Qa1+ 27. Kb4 a5+ 28. Ka3 Qc1+ 29. Kb3 Bd1# 0-1

[Event "SVK-ch op"]
[Site "Ruzomberok"]
[Date "2019.06.30"]
[Round "2"]
[White "Laurencsik, Alexander"]
[Black "Horbal, Michal"]
[Result "1-0"]
[WhiteElo "1742"]
[BlackElo "1121"]
[PlyCount "49"]
[EventDate "2019.06.29"]
[EventType "swiss"]
[EventRounds "9"]
[EventCountry "SVK"]
[SourceTitle "CBM 191 Extra"]
[Source "ChessBase"]
[SourceDate "2019.09.30"]
[SourceVersion "1"]
[SourceVersionDate "2019.09.30"]
[SourceQuality "1"]

1. Nf3 b6 2. g3 Bb7 3. Bg2 Nc6 4. d3 Nf6 5. e4 e5 6. 0-0 Bc5 7. c3 Qe7 8. a4 0-0-0 9. b4 Bd6 10. Na3 a5 11. bxa5 Nxa5 12. Nb5 Kb8 13. Nxd6 Qxd6 14. Ba3 Qe6 15. c4 c5 16. Rb1 h6 17. Qd2 g5 18. Rb2 Qg4 19. Rxb6 Nc6 20. Rfb1 Kc7 21. Rxb7+ Kd6 22. Qe3 Qh5 23. Qxc5+ Ke6 24. Nxe5 d6 25. Qxc6 1-0

[Event "SVK-ch op"]
[Site "Ruzomberok"]
[Date "2019.06.29"]
[Round "1"]
[White "Bombek, Peter"]
[Black "Laurencsik, Alexander"]
[Result "1-0"]
[WhiteElo "2159"]
[BlackElo "1742"]
[PlyCount "95"]
[EventDate "2019.06.29"]
[EventType "swiss"]
[EventRounds "9"]
[EventCountry "SVK"]
[SourceTitle "CBM 191 Extra"]
[Source "ChessBase"]
[SourceDate "2019.09.30"]
[SourceVersion "1"]
[SourceVersionDate "2019.09.30"]
[SourceQuality "1"]

1. d4 Nf6 2. Nf3 g6 3. g3 Bg7 4. Bg2 d6 5. 0-0 0-0 6. a4 Nbd7 7. a5 e5 8. dxe5 dxe5 9. a6 e4 10. axb7 Bxb7 11. Nd4 a6 12. Na3 Qe7 13. c3 Rfd8 14. Qc2 Nb6 15. Bg5 h6 16. Bxf6 Bxf6 17. Rfd1 Bg7 18. e3 f5 19. Nb3 Rxd1+ 20. Rxd1 Rd8 21. Rxd8+ Qxd8 22. Nc5 Bc8 23. Bf1 a5 24. Nb5 Kh7 25. Nb3 c6 26. N5d4 Qd5 27. c4 Qd7 28. c5 Bxd4 29. Nxd4 Nd5 30. Qa4 g5 31. Qxc6 f4 32. Qxd7+ Bxd7 33. Bc4 Nb4 34. gxf4 gxf4 35. exf4 Kg6 36. Kg2 Kf6 37. Kf1 Nc6 38. Nxc6 Bxc6 39. Ke2 Kf5 40. Ke3 h5 41. Bg8 Kg6 42. Be6 Kf6 43. Bc8 h4 44. Kd4 Ba8 45. Bd7 Ke7 46. Bf5 Bc6 47. Bxe4 Ba4 48. Ke5 1-0

[Event "SVK-chT2C 1718"]
[Site "Slovakia"]
[Date "2018.01.13"]
[Round "5.7"]
[White "Laurencsik, Alexander"]
[Black "Minich, Miroslav"]
[Result "0-1"]
[WhiteElo "1779"]
[BlackElo "1939"]
[PlyCount "62"]
[EventDate "2017.10.28"]
[EventType "team-tourn"]
[EventRounds "11"]
[EventCountry "SVK"]
[SourceTitle "EXT 2019"]
[Source "ChessBase"]
[SourceDate "2018.10.10"]
[SourceVersion "1"]
[SourceVersionDate "2018.10.10"]
[SourceQuality "1"]
[WhiteTeam "Filakovo"]
[BlackTeam "Zvolen Slavia"]
[WhiteTeamCountry "SVK"]
[BlackTeamCountry "SVK"]

1. Nf3 Nf6 2. g3 d5 3. Bg2 c6 4. d3 Nbd7 5. Nbd2 Nb6 6. 0-0 e6 7. a4 Be7 8. Re1 0-0 9. a5 Nbd7 10. c3 Re8 11. Nf1 Bf8 12. e4 e5 13. h3 Qc7 14. N1h2 b5 15. b4 d4 16. Qb3 c5 17. cxd4 cxd4 18. Bd2 h6 19. Rec1 Qd8 20. Rc2 Bd6 21. Rac1 Qe7 22. g4 Nf8 23. g5 hxg5 24. Nxg5 Ne6 25. Nhf3 Rb8 26. Kh1 Nh5 27. h4 Nef4 28. Rc6 Bd7 29. Rxd6 Qxd6 30. Qxf7+ Kh8 31. Qxe8+ Bxe8 0-1

[Event "SVK-chT2C 1718"]
[Site "Slovakia"]
[Date "2017.10.29"]
[Round "2.8"]
[White "Brnusak, Tomas"]
[Black "Laurencsik, Alexander"]
[Result "1-0"]
[WhiteElo "1841"]
[BlackElo "1779"]
[PlyCount "141"]
[EventDate "2017.10.28"]
[EventType "team-tourn"]
[EventRounds "11"]
[EventCountry "SVK"]
[SourceTitle "CBM 181 Extra"]
[Source "ChessBase"]
[SourceDate "2017.12.12"]
[SourceVersion "1"]
[SourceVersionDate "2017.12.12"]
[SourceQuality "1"]
[WhiteTeam "Liptov Chess School III"]
[BlackTeam "Filakovo"]
[WhiteTeamCountry "SVK"]
[BlackTeamCountry "SVK"]

1. d4 Nf6 2. c4 g6 3. Nc3 Bg7 4. e4 d6 5. Be2 Nbd7 6. Nf3 0-0 7. 0-0 e5 8. d5 h6 9. Nd2 Nh7 10. b4 f5 11. f3 f4 12. Nb3 Ndf6 13. c5 Nh5 14. Kh1 Ng3+ 15. Kg1 Nxf1 16. Qxf1 g5 17. Bd2 h5 18. Qd1 Rf6 19. g4 hxg4 20. fxg4 Rh6 21. Rc1 Nf6 22. cxd6 cxd6 23. Nb5 Qb6+ 24. Kg2 Nxe4 25. Qf1 Nf2 26. Nc7 Rb8 27. a4 Bxg4 28. a5 Bh3+ 29. Kg1 Qxc7 30. Rxc7 Bxf1 31. Bxf1 Ng4 32. h3 Nf6 33. a6 bxa6 34. Rxa7 e4 35. Rxa6 e3 36. Be1 f3 37. Nd4 Ne4 38. Nxf3 Rf8 39. Kg2 Rhf6 40. Be2 Rf4 41. b5 Bc3 42. Bg3 Nxg3 43. Kxg3 Bb4 44. Ra2 R4f5 45. Rb2 Ba5 46. b6 Rxd5 47. Bc4 Rff5 48. Rb5 Kg7 49. Rxd5 Rxd5 50. Bxd5 Bxb6 51. Nxg5 Kg6 52. Nf3 Kf5 53. Bg8 Ke4 54. Bh7+ Kd5 55. Bd3 Kc6 56. h4 Bd8 57. h5 Kc5 58. Kf4 Kd5 59. Kxe3 Ke6 60. Kf4 Kf6 61. Nh2 Ke6 62. Bf5+ Kf7 63. Ng4 Ba5 64. Ke4 Kg7 65. Kd5 Bb4 66. Ke6 Ba3 67. h6+ Kh8 68. Kf7 d5 69. h7 d4 70. Kg6 d3 71. Nh6 1-0

[Event "SVK-chT2C 1718"]
[Site "Slovakia"]
[Date "2017.10.28"]
[Round "1.8"]
[White "Laurencsik, Alexander"]
[Black "Muhac, Lubomir"]
[Result "1-0"]
[WhiteElo "1779"]
[BlackElo "1741"]
[PlyCount "83"]
[EventDate "2017.10.28"]
[EventType "team-tourn"]
[EventRounds "11"]
[EventCountry "SVK"]
[SourceTitle "CBM 181 Extra"]
[Source "ChessBase"]
[SourceDate "2017.12.12"]
[SourceVersion "1"]
[SourceVersionDate "2017.12.12"]
[SourceQuality "1"]
[WhiteTeam "Filakovo"]
[BlackTeam "Ondrasova Krivan"]
[WhiteTeamCountry "SVK"]
[BlackTeamCountry "SVK"]

1. d4 Nf6 2. Nf3 g6 3. Nbd2 d5 4. e3 Bg7 5. Be2 0-0 6. Nf1 c5 7. Ng3 Nc6 8. 0-0 cxd4 9. exd4 Bg4 10. Be3 Ne4 11. c3 f5 12. Qc1 e5 13. dxe5 Bxf3 14. Bxf3 Nxe5 15. Be2 Nc4 16. Rd1 Nxe3 17. fxe3 Nxg3 18. hxg3 Qc7 19. Bf3 Qxg3 20. Bxd5+ Kh8 21. Bxb7 Bh6 22. Bf3 Rae8 23. Rd3 Bg5 24. Qe1 Qe5 25. Kf1 Bxe3 26. Qh4 g5 27. Qb4 Qg3 28. Rxe3 g4 29. Qd4+ Re5 30. Qxe5+ Qxe5 31. Rxe5 gxf3 32. gxf3 Kg7 33. Rae1 Kf6 34. f4 Kg6 35. Re6+ Kh5 36. Re8 Rf6 37. R1e6 Rf7 38. R6e7 Rf6 39. Rxh7+ Kg4 40. Rxa7 Kxf4 41. Ra4+ Kf3 42. Rh8 1-0

[Event "SVK-chT2C 1415"]
[Site "Slovakia"]
[Date "2014.12.06"]
[Round "5.8"]
[White "Majer, Milan"]
[Black "Laurencsik, Alexander"]
[Result "0-1"]
[WhiteElo "1000"]
[BlackElo "1850"]
[PlyCount "108"]
[EventDate "2014.10.11"]
[EventType "team-tourn"]
[EventRounds "11"]
[EventCountry "SVK"]
[SourceTitle "EXT 2016"]
[Source "ChessBase"]
[SourceDate "2015.10.08"]
[SourceVersion "1"]
[SourceVersionDate "2015.10.08"]
[SourceQuality "1"]
[WhiteTeam "Podbrezova ZP Sport"]
[BlackTeam "Filakovo"]
[WhiteTeamCountry "SVK"]
[BlackTeamCountry "SVK"]

1. e4 c5 2. Nf3 d6 3. d4 cxd4 4. Nxd4 Nf6 5. Nc3 a6 6. Be2 Nbd7 7. Be3 e6 8. Qd2 Be7 9. g4 h6 10. 0-0-0 Nc5 11. f3 Bd7 12. h4 Qa5 13. Kb1 0-0-0 14. Nd5 Qxd2 15. Nxe7+ Kb8 16. Bxd2 Rde8 17. g5 Nh5 18. gxh6 gxh6 19. Nec6+ bxc6 20. Rhg1 Ka7 21. Be3 Ka8 22. Nb3 Nxb3 23. axb3 d5 24. Bxa6 f5 25. e5 f4 26. Bc5 Rhg8 27. Rg4 Rxg4 28. fxg4 Ng3 29. Rd4 Ne4 30. b4 f3 31. Rd3 Rg8 32. Ka2 Nxc5 33. bxc5 Rf8 34. g5 hxg5 35. hxg5 Be8 36. Ra3 Kb8 37. Bf1 Bg6 38. Kb3 Rf5 39. Kb4 Rf4+ 40. Ka5 Kc7 41. Rc3 f2 42. b4 Be4 43. Rg3 Bxc2 44. g6 Rf8 45. b5 Ra8+ 46. Kb4 Ra4+ 47. Kc3 Ra3+ 48. Kxc2 Rxg3 49. b6+ Kb7 50. Kd2 Rxg6 51. Ke2 Rg5 52. Kxf2 Rxe5 53. Bh3 d4 54. Kf1 d3 0-1

[Event "Senica op 6th"]
[Site "Senica"]
[Date "2014.08.31"]
[Round "7"]
[White "Laurencsik, Alexander"]
[Black "Lintner, Igor"]
[Result "0-1"]
[WhiteElo "1893"]
[BlackElo "1860"]
[PlyCount "92"]
[EventDate "2014.08.27"]
[EventType "swiss"]
[EventRounds "7"]
[EventCountry "SVK"]
[SourceTitle "EXT 2016"]
[Source "ChessBase"]
[SourceDate "2015.10.08"]
[SourceVersion "1"]
[SourceVersionDate "2015.10.08"]
[SourceQuality "1"]

1. e4 e6 2. g3 c5 3. Ne2 Nc6 4. c3 d5 5. Bg2 Nf6 6. exd5 exd5 7. d3 Bf5 8. 0-0 Be7 9. Bg5 0-0 10. Na3 h6 11. Bxf6 Bxf6 12. Nf4 d4 13. Bxc6 bxc6 14. c4 Bg5 15. Ng2 Qd7 16. f4 Bf6 17. Qd2 Rfe8 18. Rae1 h5 19. h4 Bh3 20. Rf2 Qg4 21. Kh2 Bxg2 22. Rxg2 Bxh4 23. Qd1 Qxd1 24. Rxd1 Bf6 25. Nb1 Re3 26. Na3 Rae8 27. Nc2 Re2 28. Rd2 Rxd2 29. Rxd2 a5 30. Kg2 h4 31. g4 g5 32. f5 Kg7 33. Kf3 Be5 34. Re2 h3 35. Re1 Kf6 36. a3 a4 37. Rb1 Rh8 38. Rh1 h2 39. Kg2 Rh4 40. Kf3 Rh3+ 41. Kf2 Rxd3 42. Ne1 Rd2+ 43. Kf1 Rxb2 44. Nf3 Rb1+ 45. Kg2 Rxh1 46. Kxh1 d3 0-1

[Event "Senica op 6th"]
[Site "Senica"]
[Date "2014.08.30"]
[Round "5"]
[White "Laurencsik, Alexander"]
[Black "Kavon, Rastislav"]
[Result "0-1"]
[WhiteElo "1893"]
[BlackElo "2126"]
[PlyCount "118"]
[EventDate "2014.08.27"]
[EventType "swiss"]
[EventRounds "7"]
[EventCountry "SVK"]
[SourceTitle "EXT 2016"]
[Source "ChessBase"]
[SourceDate "2015.10.08"]
[SourceVersion "1"]
[SourceVersionDate "2015.10.08"]
[SourceQuality "1"]

1. e4 c5 2. b4 cxb4 3. a3 e6 4. axb4 Nf6 5. e5 Nd5 6. c3 g6 7. d4 Bg7 8. Bd3 d6 9. exd6 Qxd6 10. Ne2 0-0 11. 0-0 Nd7 12. Nd2 N7f6 13. Nc4 Qc7 14. Bd2 b6 15. h3 Bb7 16. Ra2 Nd7 17. f4 Rfd8 18. Ne5 f6 19. Nf3 Bh6 20. Nh4 f5 21. g4 fxg4 22. hxg4 Rf8 23. g5 Bg7 24. Qb1 Ne7 25. Rf2 Bd5 26. Rb2 a6 27. Rh2 Rfe8 28. Ng3 e5 29. fxe5 Nxe5 30. dxe5 Bxe5 31. Nxg6 Bxg3 32. Rxh7 Bh2+ 33. Kf1 Bg2+ 34. Ke1 Nxg6+ 35. Kd1 Qxh7 36. Bxg6 Qd7 37. Qa2+ Kg7 38. Bxe8 Qxe8 39. Qc4 Bf3+ 40. Kc1 Qe4 41. Qf1 Bf4 42. Qg1 Rd8 43. Qf2 b5 44. Ra2 Kg8 45. g6 Rxd2 46. Rxd2 Qd3 47. Qe1 Qxd2+ 48. Qxd2 Bxd2+ 49. Kxd2 Kg7 50. Ke3 Bd5 51. Kd4 Bc4 52. Kc5 Kxg6 53. Kb6 Kf5 54. Kxa6 Ke4 55. Kb6 Kd3 56. Kc6 Kxc3 57. Kc5 Kb3 58. Kd4 Kxb4 59. Ke3 Kc3 0-1

[Event "Senica op 6th"]
[Site "Senica"]
[Date "2014.08.29"]
[Round "3"]
[White "Laurencsik, Alexander"]
[Black "Krupa, Miroslav"]
[Result "1-0"]
[WhiteElo "1893"]
[BlackElo "1242"]
[PlyCount "55"]
[EventDate "2014.08.27"]
[EventType "swiss"]
[EventRounds "7"]
[EventCountry "SVK"]
[SourceTitle "EXT 2016"]
[Source "ChessBase"]
[SourceDate "2015.10.08"]
[SourceVersion "1"]
[SourceVersionDate "2015.10.08"]
[SourceQuality "1"]

1. e4 e5 2. Nf3 Nc6 3. Bb5 a6 4. Ba4 Nf6 5. d3 Be7 6. Be3 b5 7. Bb3 d5 8. exd5 Nxd5 9. 0-0 Nxe3 10. fxe3 Bg4 11. Bxf7+ Kxf7 12. Nxe5+ Ke8 13. Nxg4 Qd6 14. Nc3 Kd7 15. Qf3 Kc8 16. Qd5 Qd8 17. Qxc6 Ra7 18. Rf7 Rg8 19. Qe6+ Qd7 20. Rxe7 Qxe6 21. Rxe6 Kd7 22. Re4 c5 23. Rf1 Kc6 24. Ne5+ Kb6 25. Nd5+ Kb7 26. Rf7+ Kb8 27. Nc6+ Kc8 28. Nb6# 1-0

[Event "Stara Lubovna op"]
[Site "Stara Lubovna"]
[Date "2014.04.11"]
[Round "6"]
[White "Laurencsik, Alexander"]
[Black "Cisarik, Pavol"]
[Result "0-1"]
[WhiteElo "1958"]
[BlackElo "1783"]
[PlyCount "56"]
[EventDate "2014.04.06"]
[EventType "swiss"]
[EventRounds "7"]
[EventCountry "SVK"]
[SourceTitle "CBM 160 Extra"]
[Source "ChessBase"]
[SourceDate "2014.07.01"]
[SourceVersion "1"]
[SourceVersionDate "2014.07.01"]
[SourceQuality "1"]

1. e4 e5 2. Nf3 Nc6 3. Bc4 Bc5 4. 0-0 Nf6 5. d3 0-0 6. Nc3 d6 7. Bg5 Be6 8. Bd5 h6 9. Bh4 Rb8 10. a3 Nd4 11. b4 Nxf3+ 12. gxf3 Bd4 13. Bxe6 Bxc3 14. Bb3 Bxa1 15. Qxa1 g5 16. Bg3 Qe7 17. h4 Nh5 18. Bh2 Nf4 19. Kh1 Kh7 20. hxg5 hxg5 21. Rg1 Rg8 22. Qf1 Rg6 23. Rg4 Rh6 24. Qg1 f6 25. d4 Rh8 26. dxe5 dxe5 27. Qf1 Kg6 28. Rxf4 Rxh2+ 0-1

[Event "Stara Lubovna op"]
[Site "Stara Lubovna"]
[Date "2014.04.10"]
[Round "5"]
[White "Zatko, Peter"]
[Black "Laurencsik, Alexander"]
[Result "0-1"]
[WhiteElo "1433"]
[BlackElo "1958"]
[PlyCount "74"]
[EventDate "2014.04.06"]
[EventType "swiss"]
[EventRounds "7"]
[EventCountry "SVK"]
[SourceTitle "CBM 160 Extra"]
[Source "ChessBase"]
[SourceDate "2014.07.01"]
[SourceVersion "1"]
[SourceVersionDate "2014.07.01"]
[SourceQuality "1"]

1. e4 c6 2. d4 g6 3. Nf3 Bg7 4. b3 d6 5. Bb2 Bg4 6. Be2 Nf6 7. Nbd2 0-0 8. h3 Bd7 9. 0-0 Qc8 10. e5 Nd5 11. Re1 Nf4 12. Ng5 h6 13. e6 fxe6 14. g3 Nxe2+ 15. Qxe2 hxg5 16. Nf3 Bf6 17. g4 c5 18. Rad1 Nc6 19. c3 cxd4 20. cxd4 Qe8 21. d5 exd5 22. Bxf6 exf6 23. Qd3 Qf7 24. Rd2 Ne5 25. Nxe5 dxe5 26. b4 d4 27. a3 Bc6 28. Rc1 a6 29. Rdc2 Rad8 30. a4 e4 31. Qg3 d3 32. Rd2 Bxa4 33. Rc7 Rd7 34. Rxd7 Qxd7 35. h4 gxh4 36. Qxh4 Qh7 37. Qg3 Rc8 0-1

[Event "Stara Lubovna op"]
[Site "Stara Lubovna"]
[Date "2014.04.06"]
[Round "1"]
[White "Bujna, Martin"]
[Black "Laurencsik, Alexander"]
[Result "1-0"]
[WhiteElo "1414"]
[BlackElo "1958"]
[PlyCount "64"]
[EventDate "2014.04.06"]
[EventType "swiss"]
[EventRounds "7"]
[EventCountry "SVK"]
[SourceTitle "CBM 160 Extra"]
[Source "ChessBase"]
[SourceDate "2014.07.01"]
[SourceVersion "1"]
[SourceVersionDate "2014.07.01"]
[SourceQuality "1"]

1. f4 d5 2. Nf3 Bg4 3. e3 e6 4. b3 Nd7 5. Bb2 Ngf6 6. Be2 Ne4 7. 0-0 Be7 8. Bxg7 Rg8 9. Bb2 Bh3 10. Ne1 Bh4 11. Rf3 Bg4 12. Rf1 Bxe1 13. Qxe1 Bh3 14. Bf3 Ndf6 15. d3 Qe7 16. Qh4 Bf5 17. dxe4 dxe4 18. Bxf6 Qc5 19. Bd4 Qxc2 20. Na3 Qd2 21. Bc5 f6 22. Qxf6 Qd7 23. Bh5+ Bg6 24. Bxg6+ hxg6 25. Rad1 Qf7 26. Qxf7+ Kxf7 27. Rd7+ Kf6 28. Bd4+ Kf5 29. h3 g5 30. fxg5+ Kxg5 31. Rf4 e5 32. Bxe5 Rad8 1-0

[Event "SVK-chT1E 0607"]
[Site "Slovakia"]
[Date "2006.12.02"]
[Round "5.6"]
[White "Laurencsik, Alexander"]
[Black "Stanko, Ivan"]
[Result "1-0"]
[WhiteElo "2045"]
[BlackElo "1998"]
[PlyCount "85"]
[EventDate "2006.10.07"]
[EventType "team-tourn"]
[EventRounds "11"]
[EventCountry "SVK"]
[SourceTitle "EXT 2008"]
[Source "ChessBase"]
[SourceDate "2007.11.25"]
[SourceVersion "1"]
[SourceVersionDate "2007.11.25"]
[SourceQuality "1"]
[WhiteTeam "Lucenec Laurex"]
[BlackTeam "Liptov SK Zapad"]
[WhiteTeamCountry "SVK"]
[BlackTeamCountry "SVK"]

1. e4 c6 2. d4 d5 3. Nc3 dxe4 4. Nxe4 Nd7 5. Nf3 Ngf6 6. Ng3 e6 7. Bc4 Be7 8. Bf4 0-0 9. Qd2 c5 10. c3 Nb6 11. Bb3 c4 12. Bc2 Nbd5 13. Bg5 Bd7 14. 0-0 b5 15. a3 a5 16. Ne5 Qc7 17. Rae1 b4 18. axb4 axb4 19. f4 bxc3 20. bxc3 Ra2 21. Bxh7+ Nxh7 22. Qxa2 Nxg5 23. fxg5 Bxg5 24. Rf3 f6 25. Nxd7 Qxd7 26. Qxc4 Rc8 27. Qb3 Bd2 28. Rd1 Bxc3 29. Ne4 Bb4 30. Rg3 Qe7 31. Qa2 f5 32. Qa6 Rd8 33. Ng5 Bd6 34. Qd3 Bxg3 35. Qxg3 Qf6 36. h4 Re8 37. Qd6 g6 38. Qd7 Qe7 39. Qc6 Kg7 40. Rb1 Nc7 41. Rb7 Rc8 42. Rxc7 Rxc7 43. Qxc7 1-0

[Event "SVK-chT1E 0506"]
[Site "Slovakia"]
[Date "2005.12.03"]
[Round "5"]
[White "Laurencsik, Alexander"]
[Black "Prokaj, Mikulas"]
[Result "0-1"]
[WhiteElo "2059"]
[BlackElo "1902"]
[PlyCount "90"]
[EventDate "2005.10.15"]
[EventType "team"]
[EventRounds "11"]
[EventCountry "SVK"]
[SourceTitle "EXT 2009"]
[Source "ChessBase"]
[SourceDate "2008.11.26"]
[SourceVersion "1"]
[SourceVersionDate "2008.11.26"]
[SourceQuality "1"]

1. e4 g6 2. d4 Bg7 3. f4 d6 4. c3 Nf6 5. Bd3 e5 6. Nf3 Nc6 7. 0-0 0-0 8. fxe5 dxe5 9. d5 Ne7 10. Nxe5 Nxe4 11. Nxg6 hxg6 12. Bxe4 Qd6 13. Qd3 f5 14. Bf3 Bd7 15. Bg5 Nc6 16. Qd2 Ne5 17. Bf4 Bb5 18. Re1 Rae8 19. Na3 Bd7 20. Nc2 Qb6+ 21. Be3 Nxf3+ 22. gxf3 Qxb2 23. Nd4 Qxd2 24. Bxd2 c6 25. dxc6 bxc6 26. Rab1 c5 27. Nb5 Rxe1+ 28. Bxe1 Re8 29. Kf2 Bf6 30. Nc7 Rc8 31. Nd5 Bd8 32. c4 Bc6 33. Bc3 Kf7 34. f4 Bh4+ 35. Kf3 Rd8 36. Ke3 Re8+ 37. Be5 g5 38. Rg1 Rg8 39. Rb1 gxf4+ 40. Kxf4 Rg4+ 41. Kf3 Rxc4 42. Rd1 Ke6 43. Bc7 Bxd5+ 44. Ke3 Re4+ 45. Kd2 Rd4+ 0-1

[Event "SVK-chT1E 0506"]
[Site "Slovakia"]
[Date "2005.11.06"]
[Round "4"]
[White "Veselovsky, Jan"]
[Black "Laurencsik, Alexander"]
[Result "0-1"]
[WhiteElo "2100"]
[BlackElo "2059"]
[PlyCount "102"]
[EventDate "2005.10.15"]
[EventType "team"]
[EventRounds "11"]
[EventCountry "SVK"]
[SourceTitle "EXT 2009"]
[Source "ChessBase"]
[SourceDate "2008.11.26"]
[SourceVersion "1"]
[SourceVersionDate "2008.11.26"]
[SourceQuality "1"]

1. e4 c6 2. d4 d5 3. Nc3 dxe4 4. Nxe4 Bf5 5. Ng3 Bg6 6. h4 h6 7. Nf3 Nd7 8. h5 Bh7 9. Bd3 Bxd3 10. Qxd3 e6 11. Bf4 Ngf6 12. 0-0-0 Qa5 13. Kb1 0-0-0 14. c4 Ne8 15. Qc2 Bd6 16. Bxd6 Nxd6 17. d5 exd5 18. cxd5 c5 19. Nf5 Nxf5 20. Qxf5 f6 21. Rhe1 Qa4 22. Rc1 b6 23. Re4 Qb5 24. Re6 Kb7 25. Nd2 Ne5 26. Ne4 Qd3+ 27. Ka1 Rxd5 28. Re7+ Rd7 29. Qe6 Rhd8 30. Nd6+ Ka6 31. Rxd7 Rxd7 32. Ne8 Qd2 33. Rb1 Qxf2 34. Nd6 Qxg2 35. a3 Qg4 36. Nf5 Qc4 37. Qe8 Qf7 38. Qc8+ Ka5 39. Ne3 Rc7 40. b4+ Kb5 41. bxc5+ Ka5 42. Qa8 Rxc5 43. Qe4 Qd7 44. Nc2 Rc4 45. Qe1+ Ka6 46. Nb4+ Kb7 47. Rd1 Qh3 48. Kb2 Qg2+ 49. Ka1 Qf3 50. Kb2 Re4 51. Qg1 Nc4+ 0-1